La escuela y la comunidad (Registro nro. 3777)

Detalles MARC
000 -LEADER
campo de control de longitud fija 01531nmc a2200433 a 4500
003 - IDENTIFICADOR DE NÚMERO DE CONTROL
campo de control AR-BaBNM
005 - FECHA Y HORA DE LA ÚLTIMA TRANSACCIÓN
campo de control 20251128203525.0
008 - DATOS DE LONGITUD FIJA--INFORMACIÓN GENERAL
campo de control de longitud fija 256019s1960 ||||||||||||||000 | spa||
040 ## - FUENTE DE CATALOGACIÓN
Centro/agencia transcriptor AR-BaBNM
245 10 - MENCIÓN DEL TÍTULO
Título La escuela y la comunidad
Resto del título orientación filosófica, procedimientos y problemas de estudio de la comunidad y del servicio social realizados por las escuelas primarias, secundarias y preparatorias
250 ## - MENCION DE EDICION
Mención de edición 1ª ed.
260 ## - PUBLICACIÓN, DISTRIBUCIÓN, ETC.
Lugar de publicación, distribución, etc. México, D.F.
Nombre del editor, distribuidor, etc. Uteha
Fecha de publicación, distribución, etc. 1960
300 1# - DESCRIPCIÓN FÍSICA
Extensión xiii, 515 p.
490 #0 - MENCIÓN DE SERIE
Mención de serie Biblioteca clásicos y modernos de la educación
500 0# - NOTA GENERAL
Nota general Indice de autores p. 505-515
504 ## - NOTA DE BIBLIOGRAFÍA, ETC.
Nota de bibliografía, etc. Nota Bibliografía al final de cada capítulo
650 #4 - PUNTO DE ACCESO ADICIONAL DE MATERIA--TÉRMINO DE MATERIA
Término de materia o nombre geográfico como elemento de entrada ESTUDIOS SOBRE LA COMUNIDAD
650 #4 - PUNTO DE ACCESO ADICIONAL DE MATERIA--TÉRMINO DE MATERIA
Término de materia o nombre geográfico como elemento de entrada ENTREVISTAS
650 #4 - PUNTO DE ACCESO ADICIONAL DE MATERIA--TÉRMINO DE MATERIA
Término de materia o nombre geográfico como elemento de entrada PROGRAMAS AUDIOVISUALES
650 #4 - PUNTO DE ACCESO ADICIONAL DE MATERIA--TÉRMINO DE MATERIA
Término de materia o nombre geográfico como elemento de entrada EDUCACION EXTRAESCOLAR
650 #4 - PUNTO DE ACCESO ADICIONAL DE MATERIA--TÉRMINO DE MATERIA
Término de materia o nombre geográfico como elemento de entrada EXCURSIONES DE ESTUDIOS
650 #4 - PUNTO DE ACCESO ADICIONAL DE MATERIA--TÉRMINO DE MATERIA
Término de materia o nombre geográfico como elemento de entrada CAMPAMENTO
650 #4 - PUNTO DE ACCESO ADICIONAL DE MATERIA--TÉRMINO DE MATERIA
Término de materia o nombre geográfico como elemento de entrada SERVICIOS SOCIALES
650 #4 - PUNTO DE ACCESO ADICIONAL DE MATERIA--TÉRMINO DE MATERIA
Término de materia o nombre geográfico como elemento de entrada RELACIONES PUBLICAS
650 #4 - PUNTO DE ACCESO ADICIONAL DE MATERIA--TÉRMINO DE MATERIA
Término de materia o nombre geográfico como elemento de entrada RELACION ESCUELA-COMUNIDAD
650 #4 - PUNTO DE ACCESO ADICIONAL DE MATERIA--TÉRMINO DE MATERIA
Término de materia o nombre geográfico como elemento de entrada ACTIVIDADES RECREATIVAS
653 #0 - TÉRMINO DE INDIZACIÓN--NO CONTROLADO
Término no controlado PROBLEMAS EDUCATIVOS
700 1# - ENTRADA AGREGADA--NOMBRE PERSONAL
Nombre de persona Olsen, Edward G.
Término indicativo de función/relación director
700 1# - ENTRADA AGREGADA--NOMBRE PERSONAL
Nombre de persona Aldrich, Julián C.
Término indicativo de función/relación colaborador
700 1# - ENTRADA AGREGADA--NOMBRE PERSONAL
Nombre de persona Brunner, Edmund de S.
Término indicativo de función/relación colaborador
700 1# - ENTRADA AGREGADA--NOMBRE PERSONAL
Nombre de persona Clark, Lois M.
Término indicativo de función/relación colaborador
700 1# - ENTRADA AGREGADA--NOMBRE PERSONAL
Nombre de persona Edmiston, Vivian
Término indicativo de función/relación colaborador
700 1# - ENTRADA AGREGADA--NOMBRE PERSONAL
Nombre de persona Koopman, Margaret O.
Término indicativo de función/relación colaborador
700 1# - ENTRADA AGREGADA--NOMBRE PERSONAL
Nombre de persona Mendelsohn, Nathan K.
Término indicativo de función/relación colaborador
700 1# - ENTRADA AGREGADA--NOMBRE PERSONAL
Nombre de persona Roberts, Alvin B.
Término indicativo de función/relación colaborador
700 1# - ENTRADA AGREGADA--NOMBRE PERSONAL
Nombre de persona Uger, Charles
Término indicativo de función/relación colaborador
942 ## - ELEMENTOS DE ENTRADA SECUNDARIOS (KOHA)
Tipo de ítem Koha Libros
998 ## - INFORMACIÓN DE CONTROL LOCAL (RLIN)
Iniciales del catalogador, CIN (RLIN) Carmen
Existencias
Estatus retirado Estado de pérdida Fuente de la clasificación o esquema de estantería Estado de daño No para préstamo Biblioteca de origen Biblioteca actual Fecha de adquisición Total de préstamos Signatura topográfica completa Código de barras Visto por última vez Precio de reemplazo Tipo de ítem Koha
    Clasificación Decimal Dewey     Liberty Liberty 28/11/2025   37.015.4 OLS 035691 28/11/2025 28/11/2025 Libros
    Clasificación Decimal Dewey     Liberty Liberty 28/11/2025   37.015.4 OLS 035692 28/11/2025 28/11/2025 Libros